Normal view
MARC view
Entry Geographic Name
001 - CONTROL NUMBER
- control field: 23786
003 - CONTROL NUMBER IDENTIFIER
- control field: ARRUPE
005 - DATE AND TIME OF LATEST TRANSACTION
- control field: 20160414092619.0
008 - FIXED-LENGTH DATA ELEMENTS
- fixed length control field: 160414|| aca||aabn | a|a d
040 ## - CATALOGING SOURCE
- Original cataloging agency: ARRUPE
- Transcribing agency: ARRUPE
151 ## - HEADING--GEOGRAPHIC NAME
- Geographic name: Kenya
- General subdivision: Politics
- Chronological subdivision: 1978-
670 ## - SOURCE DATA FOUND
- Source citation: Work cat.: (ARRUPE)0: Report on the 1997 general elections in Kenya :, 1998.